Datum a čas kvízu
43.5
Celkem bodů
Celkový počet nahraných bodů na tomto kvízu bez doplňovacích otázek.
1.
Pořadí na kvízu
Konečné umístění týmu na tomto kvízu.
Zaznamenané odpovědi
| # | Otázka | Odpověď | Body | Výsledky |
|---|---|---|---|---|
| 1. | V Česku je od Nového roku jako... | psilocybin | 1 | |
| 2. | Ve které zemi byl minulý týden... | v Číně | 1 | |
| 3. | Minulý týden jsme se dozvěděli... | Francie | 1 | |
| 4. | Který ostrovní stát zavedl jak... | Island | 1 | |
| 5. | Co se zoufale snažil najít na... | vylomený zub | 1 | |
| 6. | Mezi nejúspěšnější sourozence... | Venus; Serena | 1 | |
| 7. | Pouhých 65 setin sekundy od me... | Petr; Martin | 1 | |
| 8. | Opomenout v tomto tématu nesmí... | 7,5 km; 6 km | 1 | |
| 9. | Nyní bude vaším úkolem uhodnou... | v plavání | 1 | |
| 10. | Na závěr se podíváme na bratrs... | B) Maďarsko | 1 |